00779nam a2200253 a 450000100060000000300080000600500170001400800410003103500200007203500190009204000390011104100080015008200210015810000270017924500420020626000520024830000310030049000360033150400370036765000270040465000300043165000280046183000360048974751BD-RjUL20211209082609.0140120s1952 enkd 000 0 eng  a(BD-RjUL)74969  a(OCoLC)1878725 aDLCcFMUdOCoLCdDLCdBD-RjULbeng aeng a537.22bSHS 19521 aShoenberg, D.q(David)10aSuperconductivity /cby D. Shoenberg. aCambridge [Eng.] :bThe University press,c1952 ax, 256 p. :bill. ;c22cm. aCambridge monographs on physics aIncludes bibliography and index. 0aElectric conductivity. 0aLow temperature research. 0aElectromagnetic theory. aCambridge monographs on physics